लालबहादूर शास्त्री (Record no. 38308)

MARC details
000 -LEADER
fixed length control field 00554nam a2200157Ia 4500
008 - FIXED-LENGTH DATA ELEMENTS--GENERAL INFORMATION
fixed length control field 090123s9999 xx 000 0 und d
082 ## - DEWEY DECIMAL CLASSIFICATION NUMBER
Item number 220
100 ## - MAIN ENTRY--PERSONAL NAME
Personal name मंगळवेढेकर राजा
245 ## - TITLE STATEMENT
Title लालबहादूर शास्त्री
250 ## - EDITION STATEMENT
Edition statement 0
600 ## - SUBJECT ADDED ENTRY--PERSONAL NAME
Personal name मंगळवेढेकर राजा
630 ## - SUBJECT ADDED ENTRY--UNIFORM TITLE
Uniform title लालबहादूर शास्त्री
700 ## - ADDED ENTRY--PERSONAL NAME
Personal name मंगळवेढेकर राजा
730 ## - ADDED ENTRY--UNIFORM TITLE
Uniform title लालबहादूर शास्त्री
942 ## - ADDED ENTRY ELEMENTS (KOHA)
Koha item type Book
Holdings
Withdrawn status Lost status Damaged status Not for loan Home library Current library Date acquired Cost, normal purchase price Total Checkouts Full call number Barcode Date last seen Cost, replacement price Price effective from Koha item type
      Added to bundle Jawahar Wachalanalaya, Kalwa Jawahar Wachalanalaya, Kalwa 03/31/2003 1.50   220 KLW-220 01/23/2009 1.50 01/23/2009 Book